Normal view
MARC view
- Giberti, Eva
Entry Nombre Personal
001 - NUMERO DE CONTROL
- campo de control: 41467
003 - IDENTIFICADOR DE NUMERO DE CONTROL
- campo de control: DLC
005 - FECHA Y HORA DE LA ÜLTIMA TRANSACCIÓN
- campo de control: 20240904124322.0
008 - DATOS DE LONGITUD FIJA
- campo de control de longitud fija: 820624n| azannaabn |n aaa
010 ## - NÚMERO DE CONTROL DE LA BIBLIOTECA DEL CONGRESO
- Número de control LC: n 82045337
035 ## - NUMERO DE CONTROL
- Número de control: (OCoLC)oca00742321
040 ## - FUENTE DE CATALOGACIÓN
- Agencia original de catalogación: DLC
- Lenguaje de catalogación: spa
- Description conventions: rda
- Agencia de transcripción: DLC
- Agencia que lo modifica: OCoLC
- Agencia que lo modifica: DNLM
- Agencia que lo modifica: MX-MxUPN
100 1# - ENCABEZAMIENTO - NOMBRE PERSONAL
- Nombre personal: Giberti, Eva
372 ## - CAMPO DE ACTIVIDAD
- Field of activity: Psicología
373 ## - GRUPO ASOCIADO
- Associated group: Universidad Nacional de Misiones (Argentina)
- Fuente del término: naf
374 ## - OCUPACIÓN
- Occupation: Profesora universitaria
377 ## - LENGUA ASOCIADA
- Language code: spa
670 ## - FUENTE EN LA QUE SE LOCALIZARON DATOS
- Cita de la fuente: Her El complejo de Edipo en la literatura, 1964.
670 ## - FUENTE EN LA QUE SE LOCALIZARON DATOS
- Cita de la fuente: Mujeres y violencias, 2017:
- Información localizada: portada (Eva Giberti) solapa (Eva Giberti; licenciada en Psicología y Asistente social (UBA); titular de la cátedra abierta Violencias de género (UNaM))
902 ## - CATALOGADOR
- Catalogador: Víctor Ruiz/040924
